Ecoletra.com scientific eJournal

Guardado en:
Detalles Bibliográficos
Formato: Seriadas
Lenguaje:inglés
Publicado: Lewes Ecoletra.com LLC 2017
Etiquetas: Agregar Etiqueta
Sin Etiquetas, Sea el primero en etiquetar este registro!

MARC

LEADER 00000nas2a2200000 4500
001 0237578
005 20171123131931.0
022 |a 2377-9748 
041 0 |a eng 
044 |a US 
245 1 0 |a Ecoletra.com  |b scientific eJournal 
264 1 |a Lewes  |b Ecoletra.com LLC  |c 2017 
773 0 |w eu_un_cat*0225886